Wails of an obscure Hindu, (Record no. 85940)

MARC details
000 -LEADER
fixed length control field 00633cam a2200217 4500
001 - CONTROL NUMBER
control field sa 68014660
003 - CONTROL NUMBER IDENTIFIER
control field DLC
005 - DATE AND TIME OF LATEST TRANSACTION
control field 20260227112633.0
008 - FIXED-LENGTH DATA ELEMENTS--GENERAL INFORMATION
fixed length control field 700211s1968 ii a 00010 eng
010 ## - LIBRARY OF CONGRESS CONTROL NUMBER
LC control number sa 68014660
025 ## - OVERSEAS ACQUISITION NUMBER
Overseas acquisition number PL480:I-E-10879
050 0# - LIBRARY OF CONGRESS CALL NUMBER
Classification number DS480.84
Item number .N275
082 ## - DEWEY DECIMAL CLASSIFICATION NUMBER
Classification number 320.9/54
100 20 - MAIN ENTRY--PERSONAL NAME
Personal name Narayana Ayyar, S. R.
245 10 - TITLE STATEMENT
Title Wails of an obscure Hindu,
Statement of responsibility, etc. by S. R. Narayana Ayyar.
260 0# - PUBLICATION, DISTRIBUTION, ETC.
Place of publication, distribution, etc. [Coonoor]
Name of publisher, distributor, etc. Copies available from Higginbothams, Madras
Date of publication, distribution, etc. [1968]
300 ## - PHYSICAL DESCRIPTION
Extent 93, lx p.
Other physical details illus.
Dimensions 22 cm.
350 ## - PRICE (NR) (BK AM CF MU VM SE) [OBSOLETE]
Price 3.50
651 #0 - SUBJECT ADDED ENTRY--GEOGRAPHIC NAME
Geographic name India
General subdivision Politics and government
Chronological subdivision 1947-
651 #0 - SUBJECT ADDED ENTRY--GEOGRAPHIC NAME
Geographic name India
General subdivision Languages.

No items available.

Powered by Koha